Zlepšovatelé u vysokých pecí

Bibliographic Details
Corporate Author: (red.). (red.) (Author)
Format: Article
Language:Czech

MARC

LEADER 00000nab a2200000uu 4500
001 vtls011448397
003 SK-MaSNL
005 20260303151345.0
008 230222|1976 xo |||||||||||||||||cze|
015 |a SNBRB 
035 |a (urnnbn)urn:nbn:sk:snk:ar-005eq5 
035 |a (uuid)e2699006-caba-435b-83af-48a1651b4a95 
035 |a urn:nbn:sk:snk-abcl1w 
040 |a SNKBUCL  |b slo  |c SNKBUCL  |e AACR2 
041 0 |a cze 
044 |a xo  |c SK 
245 0 0 |a Zlepšovatelé u vysokých pecí 
710 2 |a (red.).  |b (red.).  |4 aut  |9 1169304 
773 0 |t Technická práca : časopis Ústřední rady Čs. vědecko-technické společnosti  |g Roč. 28, č. 8 (1976), s. 15 
958 |a OND 
958 |a EUIPO 
958 |a article16 
999 |c 2017290  |d 2019220